Chivas - szafka w małym pokoju - Statystyki

Ogólne statystyki
  • Ten quiz został rozwiązany 73 razy
    65 od ostatniego zresetowania
  • Średni wynik to 208 z 254
Statystyki odpowiedzi
Odpowiedź % Poprawnych
o
100%
po
100%
w
100%
i
96%
za
96%
a
93%
małym
93%
na
93%
nie
93%
pokoju
93%
to
93%
jak
89%
może
89%
otwórz
89%
się
89%
szafkę
89%
że
89%
bo
85%
ci
85%
do
85%
domu
85%
już
85%
mnie
85%
parę
85%
rozpoznać
85%
tak
85%
telefon
85%
wrócę
85%
zapomniałem
85%
albo
81%
anyżowe
81%
furia
81%
go
81%
jest
81%
kierunkowskazie
81%
mi
81%
nawet
81%
proszę
81%
razy
81%
tacie
81%
tylko
81%
wyglądam
81%
żelki
81%
baniek
78%
brakuje
78%
ciągle
78%
coś
78%
czuć
78%
czuję
78%
daj
78%
męczy
78%
miasto
78%
olx
78%
powinienem
78%
powoli
78%
śmiał
78%
sobie
78%
spiszę
78%
tchu
78%
teraz
78%
testament
78%
wiem
78%
wszelki
78%
wypadek
78%
zapamiętaj
78%
życie
78%
cię
74%
dopadła
74%
drogę
74%
fundację
74%
gdziekolwiek
74%
mną
74%
pomyślałem
74%
sprawie
74%
szybkie
74%
ucieczki
74%
wyprzedzamy
74%
wystaw
74%
znam
74%
zostawię
74%
ale
70%
bieżni
70%
mgp
70%
myślę
70%
papier
70%
stoję
70%
swojemu
70%
szafki
70%
szkoda
70%
tędy
70%
trzysta
70%
umrę
70%
zarobić
70%
chyba
67%
dopada
67%
martwić
67%
podobno
67%
powinno
67%
wszystkim
67%
wystarczyć
67%
żeby
67%
zmieściły
67%
chciałem
63%
inaczej
63%
myśli
63%
Netflix
63%
romanse
63%
zniknął
63%
chcesz
59%
ciebie
59%
dodge-u
59%
nic
59%
połowy
59%
pomadki
59%
waciki
59%
wydałem
59%
znaczy
59%
ledwo
56%
czasem
52%
Nie znaleziono quizów pasujących do podanych kryteriów
Rozkład punktacji
Procent ludzi z każdym wynikiem
Percentyl według liczby udzielonych odpowiedzi
Twoja historia wyników
Nie rozwiązałeś tego quizu od ostatniego zresetowania